Library Banner

Understanding culture : (Record no. 117507)

MARC details
000 -LEADER
fixed length control field 00726cam a2200241 a 4500
001 - CONTROL NUMBER
control field 15553098
005 - DATE AND TIME OF LATEST TRANSACTION
control field 20200604123007.0
008 - FIXED-LENGTH DATA ELEMENTS--GENERAL INFORMATION
fixed length control field 081211s2009 nyua b 001 0 eng
020 ## - INTERNATIONAL STANDARD BOOK NUMBER
International Standard Book Number 9789089649911
040 ## - CATALOGING SOURCE
Transcribing agency PK-LaUMT
082 00 - DEWEY DECIMAL CLASSIFICATION NUMBER
Classification number 306.071
Edition number 22
Item number HEL-U
100 ## - MAIN ENTRY--PERSONAL NAME
Personal name Hellemans, Robette
245 00 - TITLE STATEMENT
Title Understanding culture :
Remainder of title a handbook for students in the humanities /
Statement of responsibility, etc by Robette Hellemans
260 ## - PUBLICATION, DISTRIBUTION, ETC. (IMPRINT)
Place of publication, distribution, etc New York :
Name of publisher, distributor, etc Amsterdam University Press,,
Date of publication, distribution, etc 2017
300 ## - PHYSICAL DESCRIPTION
Extent 178 p. :
Other physical details ill. ;
Dimensions 27 cm.
650 #0 - SUBJECT ADDED ENTRY--TOPICAL TERM
Topical term or geographic name as entry element Culture
General subdivision Philosophy.
650 #0 - SUBJECT ADDED ENTRY--TOPICAL TERM
Topical term or geographic name as entry element Culture
General subdivision Research.
650 #0 - SUBJECT ADDED ENTRY--TOPICAL TERM
Topical term or geographic name as entry element Culture
General subdivision Study and teaching.
700 1# - ADDED ENTRY--PERSONAL NAME
Personal name Wyer, Robert S.
700 1# - ADDED ENTRY--PERSONAL NAME
Personal name Chiu, Chi-yue,
700 1# - ADDED ENTRY--PERSONAL NAME
Personal name Hong, Ying-yi,
942 ## - ADDED ENTRY ELEMENTS (KOHA)
Koha item type Books
Holdings
Withdrawn status Lost status Damaged status Home library Current library Date acquired Full call number Barcode Date last seen Price effective from Koha item type Copy number
      UMT Main Campus UMT Main Campus 2020-06-04 306.071 HEL-U 133159 2020-06-04 2020-06-04 Books  
      UMT Main Campus UMT Main Campus 2020-06-09 306.071 HEL-U 133519 2020-06-09 2020-06-09 Books C.2